000 01357nam a2200349 a 4500
001 000113471
003 CHAP
005 20220329144356.0
008 170629s2016 mx sm |||||||spa d
010 _a109932
011 _a110904
040 _cCHAP
090 _aTesis
100 1 _aZavala Meza, José Antonio
_9132756
245 1 0 _aJóvenes universitarios indígenas en Morelia :
_h[En línea]
_bviolencia y discriminación /
_cpor José Antonio Zavala Meza.
260 _aMorelia, Méx, :
_bEl autor,
_c2016.
500 _aPara ver el contenido del material haga clic en la liga
502 _aTesis (M.C. en Desarrollo Rural Regional) -- UACH. Dirección de Centros Regionales Universitarios
590 _aBATCH-UPD
_b05
_c20170629
_lUCH01
_h1129
590 _aE11695DGD
_b10
_c20170629
_lUCH01
_h1358
590 _aE5765TAJ
_b05
_c20170629
_lUCH01
_h1128
590 _aE5765TAJ
_b05
_c20170629
_lUCH01
_h1128
650 1 4 _aDiscriminación en educación superior.
_9132758
650 1 4 _aDiscriminación
_xPrevención.
_9132757
650 1 4 _aEducación
_xAspectos psicológicos del adolescente.
_9132760
650 1 4 _aJuventud indigena
_xEducación.
_9132759
650 1 4 _aViolencia escolar
_xAspectos sociales.
_9132699
856 _aFinding aid
_uhttp://10.13.5.2/tesis/sist113471.pdf
_zTeclea aquí
901 _aBK
942 _cTESIS
942 _n0
999 _c109932
_d109932